| 000 | 00874nam a2200253Ia 4500 | ||
|---|---|---|---|
| 003 | OSt | ||
| 005 | 20221005051532.0 | ||
| 006 | a|||||r|||| 00| 0 | ||
| 007 | ta | ||
| 008 | 221004b |||||||| |||| 00| 0 eng d | ||
| 020 |
_a9781472507778 (hbk) _c7024.5 |
||
| 024 | _a22094 | ||
| 037 |
_b12190, 24/03/2015, Elite Publishers Distributors _cTextual |
||
| 040 |
_aCRL _cCRL _beng |
||
| 041 |
_2eng _aeng |
||
| 082 | _aO111:g(R3M3), Q3 | ||
| 100 |
_aDobrez L A C _952719 |
||
| 245 | 0 |
_aExistential and its exits _b Literary and philosophical perspectives on the works of beckett, ionesco, genet and pinter |
|
| 260 |
_aLondon _bBloomsbury UK _c2013 |
||
| 300 |
_avii,392p. _ccm. |
||
| 650 | _aENGLISH LITERATURE | ||
| 942 |
_hO111:g(R3M3), Q3 _cTEXL _2cc |
||
| 999 |
_c958942 _d958942 |
||